000 00302nam a22001457a 4500
008 230524b ||||| |||| 00| 0 eng d
020 _a9782264032201
041 _aFRA
080 _a82
082 _a82
100 _a38
101 _aGJL
245 _aMAYBE THE MOON
_cMAUPIN . A
942 _2udc
_cBK
999 _c59838
_d59838